00191nam a2200085Ia 4500008004100000041000800041100002700049245002000076260000900096230508s1985 xx 000 0 und d aeng aSTREETER V.L. B. WYLIE aFLUID MECHANICS c1985